Письмо Лорис-Меликова М. Т. императору Александру II о возможности организации в Берлине агентства, о краже у статс-секретаря Ги...

RUSMARC
00006016nac2a22003853x 450
001d6994749-5780-49de-984b-483e7888cfd0
00520240819174515.0
100##$a20240716l1880 k y0rusy50 ca
1010#$arus
102##$aRU
105##$ay z |||||
1220#$ad18800805
2001#$aПисьмо Лорис-Меликова М. Т. императору Александру II о возможности организации в Берлине агентства, о краже у статс-секретаря Гирса вещей и о побеге политических преступников. (С пометами Александра II)
$j05.08.1880
215##$a1 лист
$d37 х 24,3
251##$cДело
300##$aЗаголовок дела на папке: Письмо Лорис-Меликова, М. Т. Александру II о возможности организации в Берлине агентства, о покраже у статс-секретаря Гирса вещей и о побеге политических ссыльных (преступников) из Восточной Сибири, с пометами Александра II
300##$aРукописный текст
325##$aЗамикрофильмировано
330##$aВходит в раздел описи: Материалы, относящиеся к деятельности Лорис-Меликова М. Т. в Верховной Распорядительной Комиссии
461#0$1001cda3d175-ae4a-411a-8dea-9cc20fb178f6
$12001
$aЛорис-Меликов Михаил Тариелович, граф, министр внутренних дел, главный начальник "верховной распорядительной комиссии по охранению государственного порядка и общественного спокойствия", генерал от кавалерии
$1251
$cФонд
$1852
$j569
462#0$1001163e060a-d7cc-404d-90ee-e28c9801971b
$12001
$aОпись дел фонда М. Т. Лорис-Меликова за 1858-1915 гг.
$vД. 68
$1251
$cОпись
$1852
$j1
5171#$aПисьмо Лорис-Меликова, М. Т. Александру II о возможности организации в Берлине агентства, о покраже у статс-секретаря Гирса вещей и о побеге политических ссыльных (преступников) из Восточной Сибири, с пометами Александра II
600#1$aГирс
600#1$aЛорис-Меликов
$bМ. Т.
$gМихаил Тариелович
605##$3DITM\AF\0000002775
$aВласть
$lколлекция
$2acquisition_prlib
607##$aБерлин, город
607##$aВосточная Сибирь
6101#$aПисьмо
$aПолитические преступники
$aПобег
$aКража
686##$a63.3(2)535-332ю1
$cИстория
$2rubbk
686##$a67.400.6ю1
$cПраво
$2rubbk
700#1$aЛорис-Меликов
$bМ. Т.
$gМихаил Тариелович
702#0$aАлександр
$cимп.
$dII
$4660
801#0$aRU
$bGA_RF
801#1$aRU
$bГлавНИВЦ
$c20240716
$2rusmarc
801#2$aRU
$bПБ им. Б.Н. Ельцина
$c20240819
$gRCR
$2rusmarc
852##$aГА РФ
$j68
937##$d193621306
$hГАРФ
035##$aRuPRLIB51076419
856##$uhttp://readingroom.main.prlib.ru/item.aspx?id_node=n193621306&mode=full
Формат отображения